Statistics for South America Map Quiz - Biggest cities

Click here to take the quiz!

General Stats

  • This quiz has been taken 14 times
  • The average score is 12 of 14

Answers on the Map

Answers color-coded by a green-red scale on the quiz's map according to % correct below.
 

Answer Stats

Answer% Correct
São Paulo
100%
Bogota
93%
Buenos Aires
93%
Caracas
93%
Lima
93%
Quito
93%
Santa Cruz de la Sierra/Sucre
93%
Asunción
86%
Montevideo
86%
Paramaribo
86%
Santiago
86%
Stanley
86%
Cayenne
79%
Georgetown
79%

Score Distribution

Percentile by Number Answered

Percent of People with Each Score

Your Score History

You have not taken this quiz